000 00802nas a2200265 4500
001 BR8103555
003 BR-BrBNA
005 20231205084804.0
007 ta
008 230509b bl.|||p| |||| 00| 00por d
040 _aBR-BrBNA
_bpor
_cBiblioteca Nacional de Agricultura
041 _a(Pt)
072 _aF25
100 1 _aSantos, H.L. dos
100 1 _aVasconcelos, C.A.
100 1 _aFranca, G.E. de
100 1 _aNogueira, F.D.
245 1 _aEnxofre [Fertilidade do solo; Brasil]
650 _aFertilidade do solo
650 _aEnxofre
650 _aCorretivo
773 0 _tInforme Agropecuario - Empresa de Pesquisa Agropecuaria de Minas Gerais (Brazil)
_xISSN 0100-3364
_g(Sep 1981), v. 7(81) p. 53-54
_wBR8103555
909 _a202311
_bLúcia
_c55
_dLúcia Elande
942 _2AGRIS
_n0
_cANA
999 _c107284
_d107284